Govt. of
Madhya Pradesh

Kautilya Today (Record no. 32034)

MARC details
000 -LEADER
fixed length control field 003450000a22001450004500
003 - CONTROL NUMBER IDENTIFIER
control field MACL
040 ## - CATALOGING SOURCE
Original cataloging agency MACL
090 ## - LOCALLY ASSIGNED LC-TYPE CALL NUMBER (OCLC); LOCAL CALL NUMBER (RLIN)
-- 32363
-- 32361
100 ## - MAIN ENTRY--PERSONAL NAME
Personal name Bhagwati, Jagdish
245 ## - TITLE STATEMENT
Title Kautilya Today
Remainder of title Jairam Ramesh On Globalizing India
260 ## - PUBLICATION, DISTRIBUTION, ETC. (IMPRINT)
Name of publisher, distributor, etc. India Research Press
Date of publication, distribution, etc. 2002
350 ## - PRICE (NR) (BK AM CF MU VM SE) [OBSOLETE]
Price 395
650 ## - SUBJECT ADDED ENTRY--TOPICAL TERM
Topical term or geographic name as entry element Biography
942 ## - ADDED ENTRY ELEMENTS (KOHA)
Koha item type Library Membar
Call number prefix 920.71/Bha
Holdings
Withdrawn status Lost status Source of classification or shelving scheme Damaged status Not for loan Home library Current library Date acquired Full call number Barcode Date last seen Uniform Resource Identifier Price effective from Koha item type
          MACL MACL   920.71/Bha BOOK CLC003822 29/04/2015 32088 15/04/2015 Books